Edificio de san Nicolás. Archivo histórico [Recurs electrònic] / [producció: BBVA] BBVA]
Descripción Física:
1 disc òptic [DVD]
MARC
| LEADER | 00000nam a2200000Ia 4500 | ||
|---|---|---|---|
| 001 | 17986 | ||
| 008 | 160829s2005 xx 000 0 cat d | ||
| 080 | |a CD-2-5 | ||
| 245 | |a Edificio de san Nicolás. Archivo histórico [Recurs electrònic] / [producció: |b BBVA] | ||
| 260 | |a [Bilbao] : |b BBVA, |c 2005 | ||
| 300 | |a 1 disc òptic [DVD] | ||
| 590 | |a En cinc idiomes: castellà, euscara, català, gallec i anglès | ||
| 610 | 2 | 0 | |a Banco Bilbao Vizcaya Argentaria. |b Archivo Histórico |9 54521 |
| 650 | |a Arxius (Edificis) |9 27036 | ||
| 710 | 2 | |a Banco Bilbao Vizcaya Argentaria |9 55569 | |
| 901 | |a Arxiu | ||
| 942 | |n 1 | ||
| 952 | |0 0 |1 0 |4 0 |6 CD25 |7 1 |9 44250 |a Arxiu |b Arxiu |d 2016-12-01 |l 0 |o CD-2-5 |p 17986 |r 2016-12-01 00:00:00 |w 2016-12-01 |y ARXIU | ||
| 999 | |c 46830 |d 46830 | ||